| 000 | 01084nam a22001937a 4500 | ||
|---|---|---|---|
| 003 | OSt | ||
| 005 | 20251216153448.0 | ||
| 008 | 251216b |||||||| |||| 00| 0 eng d | ||
| 040 | _cDCL | ||
| 082 | _a၂၉၄.၃၈၄ | ||
| 110 | _aနိုင်ငံတော်သီးခြားဝိနည်းဓိုလ် အဖွဲ့အမှတ်(၆) | ||
| 245 | 1 | 0 |
_aဓမ္မနီတိဝါဒ ဝိနိစ္ဆယ / _cနိုင်ငံတော်သီးခြားဝိနည်းဓိုရ် အဖွဲ့အမှတ်(၆)။ |
| 264 |
_aရန်ကုန် ၊ _bသာသနာရေးဦးစီးဌာန၊ _c၂၀၀၉။ |
||
| 300 |
_aဆ၊ ၃၀၀ စာမျက်နှာ ၊ _c၂၄ စင်တီ။ |
||
| 504 | _aကျမ်းကိုးစာရင်းပါဝင်သည်။ | ||
| 650 |
_aဗုဒ္ဓဘာသာ _xဝိနည်း |
||
| 650 |
_aဗုဒ္ဓဘာသာ _xဥပဒေနှင့်ဥပဒေပြုခြင်း |
||
| 942 |
_2ddc _cSHORT TERM _n0 |
||
| 999 |
_c2736 _d2736 |
||